Harry Potter Patronus Charm Quiz (Hard) - Statistics

General Stats
  • This quiz has been taken 2,524 times
  • The average score is 10 of 18
Answer Stats
Hint Answer % Correct
Harry Potter Stag
97%
Hermione Granger Otter
94%
Severus Snape Doe
89%
Ron Weasley Jack Russell Terrier
89%
Dolores Umbridge Cat
84%
Albus Dumbledore Phoenix
78%
Ginny Weasley Horse
71%
Aberforth Dumbledore Goat
67%
Luna Lovegood Hare
66%
Cho Chang Swan
56%
Kingsley Shacklebolt Lynx
53%
Nymphadora Tonks Werewolf
52%
Arthur Weasley Weasel
49%
Seamus Finnigan Fox
42%
Ernie Macmillan Boar
29%
Illyius Mouse
13%
Hedley Fleetwood Mammoth
7%
Symposia Rawle Ladybird
5%
No matching quizzes found
Score Distribution
Percent of People with Each Score
Percentile by Number Answered
Your Score History
You have not taken this quiz